[Event "CYCC U12"]
[Site "Calgary CAN"]
[Date "2023.07.21"]
[Round "6.132"]
[White "Mu, Vincent"]
[Black "Schantz, Korbin"]
[Result "0-1"]
[WhiteElo "932"]
[BlackElo "1116"]
[PlyCount "74"]
[EventDate "2023.07.19"]
[EventType "swiss"]
[EventRounds "7"]
[EventCountry "CAN"]

1. e4 e6 2. d4 d5 3. exd5 exd5 4. Bd3 Bd6 5. h3 h6 6. Nf3 Nf6 7. O-O O-O 8. Be3
b6 9. c3 c5 10. dxc5 bxc5 11. Bd2 Nc6 12. Be3 Re8 13. Re1 Qc7 14. Na3 a6 15.
Nc2 Bb7 16. Rb1 c4 17. Bf1 Rad8 18. Nfd4 Nxd4 19. Nxd4 Bc5 20. Nc2 Bxe3 21.
Rxe3 Rxe3 22. Nxe3 a5 23. Qc2 Ne4 24. Be2 Re8 25. Rd1 Nxf2 26. Kxf2 Qf4+ 27.
Kg1 Qxe3+ 28. Kf1 Qf4+ 29. Bf3 Qf6 30. Qa4 Bc6 31. Qxa5 d4 32. Kf2 Bxf3 33.
gxf3 Qh4+ 34. Kg1 Qg3+ 35. Kh1 Qxf3+ 36. Kh2 Re2+ 37. Kg1 Qg2# 0-1

[Event "CYCC U12"]
[Site "Calgary CAN"]
[Date "2023.07.21"]
[Round "6.133"]
[White "Ivkin, Michael"]
[Black "Li, Jake"]
[Result "1/2-1/2"]
[WhiteElo "804"]
[BlackElo "1068"]
[PlyCount "109"]
[EventDate "2023.07.19"]
[EventType "swiss"]
[EventRounds "7"]
[EventCountry "CAN"]

1. e4 c5 2. Nf3 g6 3. Bc4 Bg7 4. d3 d6 5. c3 Nf6 6. O-O O-O 7. Be3 Qb6 8. Bb3
Nc6 9. Nbd2 Be6 10. Ng5 Bxb3 11. Nxb3 a5 12. a4 Ne5 13. d4 cxd4 14. Bxd4 Qc6
15. Re1 Bh6 16. Nf3 Nc4 17. Bxf6 exf6 18. Nbd4 Qb6 19. Rb1 Rad8 20. Qe2 Ne5 21.
Nxe5 fxe5 22. Qb5 Qxb5 23. Nxb5 d5 24. exd5 Rxd5 25. Rbd1 Rfd8 26. Rxd5 Rxd5
27. g3 Rd2 28. Rxe5 Rxb2 29. Re7 Bf8 30. Rxb7 Bc5 31. Rb8+ Kg7 32. Ra8 Bxf2+
33. Kh1 Bb6 34. Ra6 Bd8 35. Ra8 Rd2 36. Nd4 Bb6 37. Ra6 Bxd4 38. cxd4 Rxd4 39.
Rxa5 h5 40. Kg2 h4 41. Ra8 hxg3 42. hxg3 Kh6 43. a5 Ra4 44. a6 Kg5 45. Kf3 Ra3+
46. Kf2 Kg4 47. a7 f5 48. Rg8 Ra2+ 49. Kf1 Rxa7 50. Rxg6+ Kf3 51. Ke1 Ra2 52.
Rg5 Ke3 53. Kd1 Ra5 54. g4 Ke4 55. Rxf5 1/2-1/2

[Event "CYCC U12"]
[Site "Calgary CAN"]
[Date "2023.07.21"]
[Round "6.135"]
[White "Nguyen, Aiden"]
[Black "Zhang, Ryan"]
[Result "1/2-1/2"]
[WhiteElo "626"]
[BlackElo "948"]
[PlyCount "83"]
[EventDate "2023.07.19"]
[EventType "swiss"]
[EventRounds "7"]
[EventCountry "CAN"]

1. d4 d5 2. Nf3 Nf6 3. e3 Bg4 4. h3 Bxf3 5. Qxf3 e6 6. Bd3 Nbd7 7. O-O Bd6 8.
b3 O-O 9. Bb2 c6 10. e4 dxe4 11. Bxe4 Nxe4 12. Qxe4 Nf6 13. Qf3 Qc7 14. Nd2 Nd5
15. Qd3 Nf6 16. c4 Be7 17. Ne4 Rfd8 18. Rad1 Nxe4 19. Qxe4 Bf6 20. Rd3 c5 21.
Rfd1 cxd4 22. Bxd4 Be7 23. Qe5 Qxe5 24. Bxe5 f6 25. Bc3 Kf7 26. g4 Rxd3 27.
Rxd3 Rd8 28. Rxd8 Bxd8 29. Kg2 Bb6 30. b4 e5 31. f3 Ke6 32. h4 g6 33. c5 Bc7
34. Kf2 Kd5 35. Ke3 f5 36. g5 Kc4 37. Be1 a6 38. Bd2 a5 39. a3 a4 40. Bc1 Kb3
41. Kd3 Bb8 42. b5 1/2-1/2

[Event "CYCC U12"]
[Site "Calgary CAN"]
[Date "2023.07.21"]
[Round "6.137"]
[White "Yuan, Jaydon"]
[Black "Chung, Noah"]
[Result "1-0"]
[WhiteElo "578"]
[BlackElo "1272"]
[PlyCount "69"]
[EventDate "2023.07.19"]
[EventType "swiss"]
[EventRounds "7"]
[EventCountry "CAN"]

1. e4 e5 2. Nc3 Nf6 3. f4 d6 4. Nf3 Bg4 5. h3 Bxf3 6. Qxf3 Nc6 7. Bc4 Be7 8. f5
a6 9. a4 Nd4 10. Qd1 c6 11. d3 d5 12. Ba2 Bb4 13. O-O dxe4 14. Nxe4 Nxe4 15.
dxe4 Bc5 16. Kh1 Qh4 17. c3 Qxe4 18. cxd4 Bxd4 19. Qb3 O-O 20. f6 Qg6 21. fxg7
Kxg7 22. Bb1 Qh5 23. Qg3+ Kh8 24. Bg5 e4 25. Bxe4 h6 26. Bf6+ Bxf6 27. Rxf6 Rg8
28. Qc3 Rg7 29. Raf1 Rf8 30. R1f5 Qd1+ 31. Kh2 Kg8 32. Rxh6 f6 33. Rfxf6 Rxf6
34. Qxf6 Qd7 35. Rh8+ 1-0

[Event "CYCC U12"]
[Site "Calgary CAN"]
[Date "2023.07.21"]
[Round "6.138"]
[White "Nguyen, Leo"]
[Black "Xu, Michael"]
[Result "1/2-1/2"]
[WhiteElo "1174"]
[BlackElo "828"]
[PlyCount "72"]
[EventDate "2023.07.19"]
[EventType "swiss"]
[EventRounds "7"]
[EventCountry "CAN"]

1. d4 Nf6 2. c4 g6 3. f3 Bg7 4. e4 d6 5. Be3 O-O 6. Qd2 e5 7. d5 Nbd7 8. g4 Ne8
9. h4 c6 10. h5 cxd5 11. cxd5 b6 12. Bh6 Bb7 13. Bxg7 Nxg7 14. hxg6 fxg6 15.
Nc3 Rc8 16. Nb5 Nf6 17. Nxa7 Rc7 18. Nb5 Rcf7 19. Qh2 Nge8 20. O-O-O Qd7 21.
Kb1 Nxg4 22. fxg4 Rxf1 23. Rxf1 Rxf1+ 24. Kc2 Rf7 25. Qe2 Ba6 26. a4 Qc8+ 27.
Kb1 Qc5 28. Nh3 Bxb5 29. axb5 Nc7 30. Ng5 Rf2 31. Qd3 Qxb5 32. Qxb5 Nxb5 33.
Rxh7 Rg2 34. Rb7 Rxg4 35. Rb8+ Kg7 36. Ne6+ Kf7 1/2-1/2

[Event "CYCC U12"]
[Site "Calgary CAN"]
[Date "2023.07.21"]
[Round "6.140"]
[White "Zhou, Ansun"]
[Black "Vong, Nathan"]
[Result "1/2-1/2"]
[WhiteElo "936"]
[BlackElo "722"]
[PlyCount "81"]
[EventDate "2023.07.19"]
[EventType "swiss"]
[EventRounds "7"]
[EventCountry "CAN"]

1. d4 d5 2. e3 Nf6 3. Nf3 Bf5 4. Be2 Nc6 5. a3 a5 6. c4 e6 7. Nc3 dxc4 8. Bxc4
Be7 9. Bd2 h6 10. Qb3 Rb8 11. Qd1 O-O 12. O-O b5 13. Bxb5 Qd6 14. Qc1 Ne4 15.
Nxe4 Bxe4 16. Be2 e5 17. dxe5 Nxe5 18. Nxe5 Qxe5 19. Bc3 Qg5 20. f3 Bc5 21. Bd2
Rfd8 22. Kh1 Bd3 23. Bxd3 Rxd3 24. f4 Qe7 25. Re1 Rbd8 26. Re2 Kh7 27. Qc2 g6
28. Rae1 Bb6 29. h3 h5 30. Kh2 Qd6 31. Bc3 Rxe3 32. Rxe3 Bxe3 33. Be5 Bxf4+ 34.
Bxf4 Qxf4+ 35. Kh1 Qg3 36. Rf1 f5 37. Qc4 Rb8 38. a4 Rxb2 39. Qf7+ Kh6 40. Qf8+
Kg5 41. Qe7+ 1/2-1/2

[Event "CYCC U12"]
[Site "Calgary CAN"]
[Date "2023.07.21"]
[Round "6.143"]
[White "Harrington, Luka"]
[Black "Gupta, Dhruv"]
[Result "1-0"]
[WhiteElo "1136"]
[BlackElo "786"]
[PlyCount "111"]
[EventDate "2023.07.19"]
[EventType "swiss"]
[EventRounds "7"]
[EventCountry "CAN"]

1. d4 d5 2. c4 e6 3. Nf3 Nf6 4. g3 Be7 5. Bg2 O-O 6. O-O Nc6 7. Nc3 Bd7 8. c5
b6 9. Ne5 bxc5 10. Nxc6 Bxc6 11. Bf4 Rb8 12. b3 Bd6 13. Bxd6 Qxd6 14. dxc5 Qxc5
15. Rc1 Qd6 16. e4 Rfd8 17. exd5 Nxd5 18. Nxd5 exd5 19. Rc3 Rb6 20. Qc1 Re8 21.
Rd1 Re7 22. Rcd3 Re5 23. Re1 Rxe1+ 24. Qxe1 h6 25. Qd2 Rb5 26. a4 Ra5 27. Qxa5
Qe5 28. Bxd5 Bxd5 29. Qxd5 Qxd5 30. Rxd5 Kf8 31. Rd7 g6 32. Rxc7 Kg7 33. Rxa7
Kf6 34. b4 Ke6 35. b5 f5 36. b6 Kd6 37. b7 Kc7 38. a5 Kb8 39. Ra8+ Kxb7 40. Rh8
h5 41. Rg8 Ka6 42. Rxg6+ Kxa5 43. Rg5 Kb6 44. Rxf5 Kc6 45. Rxh5 Kd6 46. Rf5 Ke6
47. g4 Kd6 48. h4 Ke6 49. h5 Ke7 50. h6 Ke6 51. h7 Ke7 52. h8=Q Kd7 53. Qh6 Ke7
54. Rg5 Kd7 55. Rg7+ Kd8 56. Qh8# 1-0

[Event "CYCC U12"]
[Site "Calgary CAN"]
[Date "2023.07.21"]
[Round "6.145"]
[White "Susarla, Mayukh"]
[Black "Slobinsky, Tal"]
[Result "1-0"]
[WhiteElo "926"]
[BlackElo "584"]
[PlyCount "85"]
[EventDate "2023.07.19"]
[EventType "swiss"]
[EventRounds "7"]
[EventCountry "CAN"]

1. e4 e5 2. Nf3 Nc6 3. Bc4 Nh6 4. d3 Qf6 5. Nc3 Bb4 6. Bd2 Bxc3 7. Bxc3 O-O 8.
Qd2 Nd4 9. Bxd4 exd4 10. O-O-O d6 11. h3 Be6 12. g4 Bxc4 13. dxc4 Qxf3 14. g5
Qh5 15. gxh6 gxh6 16. Qxd4 f6 17. Qd5+ Qxd5 18. cxd5 Rae8 19. f3 f5 20. Rde1
fxe4 21. Rhg1+ Kh8 22. fxe4 Rf4 23. Rg4 Rxg4 24. hxg4 Re5 25. Kd2 h5 26. gxh5
Rxh5 27. Rg1 Re5 28. Kd3 h5 29. c4 c5 30. dxc6 bxc6 31. Ke3 c5 32. Rg6 Kh7 33.
Rxd6 h4 34. Rd5 Re6 35. Rh5+ Rh6 36. Rxh6+ Kxh6 37. Kf4 Kh5 38. b4 cxb4 39. c5
h3 40. Kg3 h2 41. Kxh2 Kg6 42. c6 a5 43. c7 1-0

[Event "CYCC U12"]
[Site "Calgary CAN"]
[Date "2023.07.21"]
[Round "6.146"]
[White "Zhuang, George"]
[Black "Ganeshanathan, Sayan"]
[Result "1/2-1/2"]
[WhiteElo "723"]
[BlackElo "848"]
[PlyCount "99"]
[EventDate "2023.07.19"]
[EventType "swiss"]
[EventRounds "7"]
[EventCountry "CAN"]

1. e4 e5 2. Nf3 Nc6 3. Bb5 a6 4. Ba4 Nf6 5. Nc3 d6 6. h3 Bd7 7. d3 h6 8. Be3 b5
9. Bb3 Be7 10. Nd5 O-O 11. O-O Be6 12. c4 Na5 13. cxb5 axb5 14. d4 Nxb3 15.
Qxb3 Nxe4 16. Nxe7+ Qxe7 17. Qxb5 exd4 18. Bxd4 Rab8 19. Qe2 Ng5 20. b3 Nxf3+
21. Qxf3 Qd7 22. Qg3 f6 23. Rfe1 c5 24. Bc3 Kh8 25. Re4 Qf7 26. Rae1 Rfe8 27.
R1e3 Bd5 28. Rxe8+ Rxe8 29. Rxe8+ Qxe8 30. b4 Bxa2 31. bxc5 dxc5 32. Bd2 Qc8
33. Qa3 Be6 34. Be3 c4 35. Qc3 Qd7 36. Kh2 Kh7 37. Kg3 Kg6 38. Kh4 Qd5 39. g4
Qd3 40. Qa5 Qd5 41. Qxd5 Bxd5 42. Bd2 f5 43. Be3 fxg4 44. Kxg4 Be6+ 45. Kg3 Kf7
46. f4 g5 47. fxg5 hxg5 48. h4 g4 49. Bd4 Kg6 50. Bc3 1/2-1/2

[Event "CYCC U12"]
[Site "Calgary CAN"]
[Date "2023.07.21"]
[Round "6.149"]
[White "Skorinskiy, Oleg"]
[Black "Farjam, Soren"]
[Result "1/2-1/2"]
[WhiteElo "752"]
[BlackElo "709"]
[PlyCount "67"]
[EventDate "2023.07.19"]
[EventType "swiss"]
[EventRounds "7"]
[EventCountry "CAN"]

1. e4 e6 2. Nf3 d5 3. exd5 exd5 4. d4 Nf6 5. h3 c5 6. c3 Nc6 7. Bf4 Qb6 8. Be2
Qxb2 9. Nbd2 Qxc3 10. dxc5 Bxc5 11. O-O Qb4 12. Bg5 Be7 13. Rb1 Qa5 14. Qc1 Qc7
15. Bb5 Bf5 16. Ra1 O-O 17. Nd4 Bd7 18. Re1 Rac8 19. N2f3 Nxd4 20. Nxd4 Qxc1
21. Raxc1 Rxc1 22. Rxc1 Bxb5 23. Nxb5 Rd8 24. Nxa7 d4 25. Rd1 d3 26. Nb5 Rd5
27. Bxf6 Bxf6 28. Nc7 Rd7 29. Nb5 Bg5 30. Nc3 d2 31. Kf1 Rc7 32. Ne4 Rc1 33.
Ke2 Rxd1 34. Kxd1 1/2-1/2

[Event "CYCC U12"]
[Site "Calgary CAN"]
[Date "2023.07.21"]
[Round "6.110"]
[White "Mendes, Aaron Reeve"]
[Black "Zhong, Ryan Yunhui"]
[Result "1/2-1/2"]
[WhiteElo "2305"]
[BlackElo "2017"]
[PlyCount "58"]
[EventDate "2023.07.19"]
[EventType "swiss"]
[EventRounds "7"]
[EventCountry "CAN"]

1. e4 e6 2. Nf3 d5 3. Nc3 Nf6 4. e5 Nfd7 5. d4 c5 6. Ne2 Nc6 7. c3 f6 8. exf6
Nxf6 9. g3 cxd4 10. cxd4 Bd6 11. Bg2 O-O 12. O-O Bd7 13. Bf4 Qe7 14. Bxd6 Qxd6
15. Nc3 Rae8 16. Re1 Ng4 17. h3 Nh6 18. Ne5 Nf5 19. Nb5 Qe7 20. Nc7 Nxe5 21.
Rxe5 Rc8 22. Nxe6 Bxe6 23. Bxd5 Bxd5 24. Rxe7 Nxe7 25. Qa4 Nc6 26. Qb5 Rfd8 27.
Qxb7 Nxd4 28. Qxa7 Nf3+ 29. Kf1 Nh2+ 1/2-1/2

[Event "CYCC U12"]
[Site "Calgary CAN"]
[Date "2023.07.21"]
[Round "6.111"]
[White "Zhao, Jifan"]
[Black "Mok, Erwin"]
[Result "1-0"]
[WhiteElo "2113"]
[BlackElo "1694"]
[PlyCount "49"]
[EventDate "2023.07.19"]
[EventType "swiss"]
[EventRounds "7"]
[EventCountry "CAN"]

1. e4 c5 2. Nf3 d6 3. Bb5+ Bd7 4. Bxd7+ Qxd7 5. O-O Nc6 6. c3 d5 7. exd5 Qxd5
8. Qe2 Nf6 9. Na3 a6 10. Nc2 e6 11. d4 cxd4 12. Ncxd4 Be7 13. Nxc6 Qxc6 14. Ne5
Qc7 15. Bf4 Bd6 16. Rad1 Rd8 17. Rxd6 Qxd6 18. Nxf7 Qe7 19. Nxh8 Kf8 20. Qc2
Qe8 21. Bg5 Kg8 22. Bxf6 gxf6 23. Qe4 Rd7 24. Qf4 Rf7 25. Nxf7 1-0

[Event "CYCC U12"]
[Site "Calgary CAN"]
[Date "2023.07.21"]
[Round "6.112"]
[White "Liu, Zachary"]
[Black "Chen, Zhengyu"]
[Result "1-0"]
[WhiteElo "2071"]
[BlackElo "1670"]
[PlyCount "141"]
[EventDate "2023.07.19"]
[EventType "swiss"]
[EventRounds "7"]
[EventCountry "CAN"]

1. e4 c6 2. d4 d5 3. exd5 cxd5 4. Bd3 Nc6 5. c3 Nf6 6. Bf4 Bg4 7. Qb3 e5 8.
dxe5 Nh5 9. Be3 Nxe5 10. Bb5+ Nc6 11. h3 Be6 12. Qd1 Nf6 13. Nf3 a6 14. Bd3 Bd6
15. Nbd2 h6 16. Qe2 Qc7 17. O-O O-O 18. Nb3 Rfe8 19. Nbd4 Rad8 20. Qc2 Qd7 21.
Nxe6 fxe6 22. Bg6 Rf8 23. Rad1 Ne7 24. Bb6 Bc7 25. Bxc7 Qxc7 26. Rfe1 Rd6 27.
Bd3 Nc6 28. Ne5 Nxe5 29. Rxe5 Nd7 30. Re3 e5 31. Qd2 Rdf6 32. f3 Qa5 33. Bb1
Rd6 34. Qd3 Nf6 35. Rxe5 Qb6+ 36. Kh1 Qxb2 37. Re7 Rf7 38. Rde1 Rd7 39. Re8+
Rf8 40. Rxf8+ Kxf8 41. Qe3 Qa3 42. Qf2 Qxc3 43. Qe2 Qc5 44. Qd2 Re7 45. Rc1 Qe3
46. Rc8+ Ne8 47. Qc2 Qg5 48. Qd1 Qe5 49. Rc1 Qe3 50. Bg6 d4 51. Bd3 Nd6 52. Rb1
b5 53. Qc2 Qe6 54. Rc1 Qd7 55. Qc5 Nc4 56. Bxc4 bxc4 57. Qxc4 d3 58. Rd1 d2 59.
Qf4+ Rf7 60. Qb8+ Qe8 61. Qxe8+ Kxe8 62. Rxd2 Rd7 63. Rxd7 Kxd7 64. g4 g5 65.
Kg2 Kd6 66. Kf2 Kd5 67. Ke3 Ke5 68. f4+ gxf4+ 69. Kf3 a5 70. a4 Kd4 71. h4 1-0

[Event "CYCC U12"]
[Site "Calgary CAN"]
[Date "2023.07.21"]
[Round "6.113"]
[White "Moses, Neil"]
[Black "Tenkov, Arkady"]
[Result "1-0"]
[WhiteElo "1985"]
[BlackElo "1663"]
[PlyCount "131"]
[EventDate "2023.07.19"]
[EventType "swiss"]
[EventRounds "7"]
[EventCountry "CAN"]

1. e4 c6 2. d4 d5 3. Nc3 dxe4 4. Nxe4 Nf6 5. Nxf6+ exf6 6. Nf3 Bd6 7. Bd3 O-O
8. O-O Nd7 9. Re1 Re8 10. Bd2 Nf8 11. c4 Be6 12. Qc2 Qd7 13. b4 Ng6 14. Bc3 Bg4
15. Nd2 Bc7 16. g3 Bb6 17. c5 Bc7 18. f4 Rad8 19. a4 Ne7 20. Bxh7+ Kh8 21. Be4
Bf5 22. Nf3 Bxe4 23. Rxe4 Nd5 24. Rae1 Rxe4 25. Rxe4 g6 26. Be1 Qg4 27. Qg2 Kg7
28. h3 Qd7 29. Bd2 Re8 30. Rxe8 Qxe8 31. Nh4 Qd7 32. Kh2 f5 33. Qe2 Nf6 34. Qc4
Qe7 35. b5 Ne4 36. Qd3 Qe6 37. Qc2 Qd5 38. Be3 Qe6 39. Ng2 Bd8 40. Qb2 Bf6 41.
Qb4 Qd7 42. Qc4 Qd8 43. Qb4 Qd5 44. bxc6 bxc6 45. Bg1 a5 46. Qxa5 Bxd4 47. Qe1
Bxg1+ 48. Qxg1 Qb3 49. Qd4+ Kh7 50. Ne3 Qa2+ 51. Ng2 Qa3 52. Qe3 Qxa4 53. g4
fxg4 54. hxg4 Nf6 55. Qh3+ Kg7 56. Qc3 Qd1 57. g5 Qh5+ 58. Kg3 Qg4+ 59. Kf2 Qf5
60. gxf6+ Qxf6 61. Qxf6+ Kxf6 62. Kf3 Ke6 63. Ke4 f6 64. Ne3 Ke7 65. f5 g5 66.
Ng4 1-0

[Event "CYCC U12"]
[Site "Calgary CAN"]
[Date "2023.07.21"]
[Round "6.114"]
[White "Jiang, William"]
[Black "Gao, Justin"]
[Result "1/2-1/2"]
[WhiteElo "1680"]
[BlackElo "1853"]
[PlyCount "77"]
[EventDate "2023.07.19"]
[EventType "swiss"]
[EventRounds "7"]
[EventCountry "CAN"]

1. e4 c5 2. Nc3 e6 3. g3 a6 4. Bg2 Qc7 5. d3 d6 6. f4 b5 7. Nf3 Nc6 8. O-O Bb7
9. Be3 Be7 10. Ne2 d5 11. e5 h5 12. d4 Nh6 13. h3 c4 14. b3 Ba3 15. Bc1 Bxc1
16. Rxc1 Qa5 17. bxc4 bxc4 18. Qd2 Qxd2 19. Nxd2 Nf5 20. Rb1 O-O-O 21. Rb6 Kc7
22. Rfb1 Rb8 23. Kf2 Nfxd4 24. Nxd4 Nxd4 25. Nxc4 Nb5 26. a4 dxc4 27. Rxb7+
Rxb7 28. Bxb7 Kxb7 29. axb5 a5 30. Ke3 Rd8 31. g4 hxg4 32. hxg4 Kb6 33. f5 Rd5
34. Ke4 Rxb5 35. fxe6 fxe6 36. Rd1 Kc7 37. Rd6 Rb6 38. Rd4 Rc6 39. Rd1 1/2-1/2

[Event "CYCC U12"]
[Site "Calgary CAN"]
[Date "2023.07.21"]
[Round "6.115"]
[White "Yin, Zeming"]
[Black "Zhan, Jayden"]
[Result "1-0"]
[WhiteElo "1748"]
[BlackElo "1431"]
[PlyCount "103"]
[EventDate "2023.07.19"]
[EventType "swiss"]
[EventRounds "7"]
[EventCountry "CAN"]

1. e4 e6 2. d4 d5 3. e5 c5 4. c3 Nc6 5. Nf3 Bd7 6. Bd3 Qb6 7. dxc5 Bxc5 8. b4
Bxf2+ 9. Ke2 Nh6 10. Bxh6 gxh6 11. Qd2 Rg8 12. g3 O-O-O 13. Rf1 Bxg3 14. hxg3
Rxg3 15. Kd1 d4 16. b5 Na5 17. c4 a6 18. Na3 axb5 19. Nxb5 Bc6 20. Ne1 Qa6 21.
Rb1 Rdg8 22. c5 Kb8 23. Nxd4 Ba4+ 24. Kc1 Nc4 25. Qb4 Rxd3 26. Nxd3 Rg3 27. Rf3
Rg1+ 28. Ne1 Nxe5 29. Ra3 Rxe1+ 30. Qxe1 Nd3+ 31. Rxd3 Qxd3 32. Nb3 Qc4+ 33.
Kb2 Qb5 34. Qd2 Bxb3 35. axb3 Qxc5 36. Qd8+ Qc8 37. Qxc8+ Kxc8 38. Kc3 Kc7 39.
Kd4 Kd6 40. Rh1 Kc6 41. Rxh6 Kb5 42. Rxh7 Kb4 43. Rh3 f5 44. Ke5 b5 45. Kxe6 f4
46. Ke5 Ka3 47. Kxf4 b4 48. Ke4 Kb2 49. Kd4 Ka2 50. Kc4 Ka3 51. Rf3 Ka2 52.
Kxb4 1-0

[Event "CYCC U12"]
[Site "Calgary CAN"]
[Date "2023.07.21"]
[Round "6.116"]
[White "Deshpande, Sarthak"]
[Black "Lee, Daniel"]
[Result "1-0"]
[WhiteElo "1719"]
[BlackElo "1166"]
[PlyCount "99"]
[EventDate "2023.07.19"]
[EventType "swiss"]
[EventRounds "7"]
[EventCountry "CAN"]

1. d4 d5 2. c4 e6 3. Nf3 Nf6 4. g3 Be7 5. Bg2 O-O 6. Qc2 b6 7. cxd5 exd5 8. Nc3
Bb7 9. O-O Nbd7 10. Bf4 c5 11. Rfd1 Rc8 12. dxc5 bxc5 13. Ne5 Nb6 14. a4 a5 15.
Rd2 c4 16. Rad1 Bb4 17. e4 Bxc3 18. bxc3 Qe8 19. Rb1 Qe6 20. exd5 Bxd5 21. Rxb6
Qxb6 22. Bxd5 Nxd5 23. Rxd5 Qb3 24. Rd2 f6 25. Nf3 Rfd8 26. Nd4 Qxc2 27. Rxc2
g5 28. Be3 Rd7 29. Rb2 Rcc7 30. Rb5 Rb7 31. Rxa5 Ra7 32. Rf5 Re7 33. a5 Ra6 34.
Rc5 Rea7 35. Rxc4 Rxa5 36. Nb3 R7a6 37. Nxa5 Rxa5 38. Rc8+ Kg7 39. c4 Kg6 40.
c5 Kh5 41. Kg2 f5 42. c6 f4 43. gxf4 Kh4 44. c7 gxf4 45. Rg8 f3+ 46. Kxf3 h5
47. Bg5+ Kh3 48. c8=Q+ Kxh2 49. Bf4+ Kh1 50. Qc1# 1-0

[Event "CYCC U12"]
[Site "Calgary CAN"]
[Date "2023.07.21"]
[Round "6.117"]
[White "Villamar, Eros"]
[Black "Huang, David"]
[Result "1-0"]
[WhiteElo "1052"]
[BlackElo "1138"]
[PlyCount "79"]
[EventDate "2023.07.19"]
[EventType "swiss"]
[EventRounds "7"]
[EventCountry "CAN"]

1. e4 e5 2. Nf3 Nc6 3. Bb5 a6 4. Ba4 Nf6 5. O-O Be7 6. Re1 b5 7. Bb3 O-O 8. c3
d5 9. exd5 Nxd5 10. Nxe5 Nxe5 11. Rxe5 c6 12. d4 Bd6 13. Re1 Qh4 14. g3 Qh3 15.
Bxd5 cxd5 16. Qf3 Be6 17. Nd2 Rae8 18. Qg2 Qxg2+ 19. Kxg2 Bh3+ 20. Kxh3 Rxe1
21. Nf3 Re7 22. Be3 h6 23. b3 Rc8 24. Bd2 Rb8 25. Kg2 Rc7 26. Nh4 b4 27. cxb4
Bxb4 28. Bf4 Rbc8 29. Bxc7 Rxc7 30. Nf3 Kf8 31. a3 Bd6 32. b4 Ke8 33. Re1+ Kd7
34. h4 Rc3 35. Re3 Rxe3 36. fxe3 f6 37. h5 a5 38. bxa5 Bxa3 39. Nh4 Kc6 40. Kf3
1-0

[Event "CYCC U12"]
[Site "Calgary CAN"]
[Date "2023.07.21"]
[Round "6.118"]
[White "Ni, Alvin"]
[Black "Marchand, Calix"]
[Result "0-1"]
[WhiteElo "1273"]
[BlackElo "2101"]
[PlyCount "42"]
[EventDate "2023.07.19"]
[EventType "swiss"]
[EventRounds "7"]
[EventCountry "CAN"]

1. e4 d5 2. exd5 Nf6 3. c4 c6 4. dxc6 Nxc6 5. Nf3 e5 6. d3 Be7 7. Be2 h6 8. h3
Bf5 9. a3 a5 10. Nc3 Qd7 11. Be3 O-O 12. Qd2 Bd6 13. O-O-O Rfc8 14. Na4 Bc7 15.
Nc5 Qe7 16. Nxb7 Rab8 17. Nc5 Bd6 18. Na4 Bxa3 19. bxa3 Qxa3+ 20. Nb2 Qa1+ 21.
Kc2 Qxb2# 0-1

[Event "CYCC U12"]
[Site "Calgary CAN"]
[Date "2023.07.21"]
[Round "6.119"]
[White "Dunikov, Glib"]
[Black "Li, Triston"]
[Result "0-1"]
[WhiteElo "1458"]
[BlackElo "1693"]
[PlyCount "88"]
[EventDate "2023.07.19"]
[EventType "swiss"]
[EventRounds "7"]
[EventCountry "CAN"]

1. e4 c5 2. c3 d5 3. exd5 Qxd5 4. d4 Nc6 5. Nf3 Bf5 6. Be2 Bxb1 7. Rxb1 cxd4 8.
cxd4 Nf6 9. b3 e6 10. O-O b5 11. Bb2 a6 12. Ne5 Nxe5 13. dxe5 Qxd1 14. Rfxd1
Nd5 15. Bf3 O-O-O 16. Rbc1+ Kb7 17. Bd4 Ba3 18. Rc2 Rd7 19. Bc5 Rc8 20. Bxa3
Rxc2 21. Bd6 Rxa2 22. h3 Rb2 23. b4 Kb6 24. Bxd5 exd5 25. Rxd5 Rxb4 26. Rd2 Rc4
27. g3 Kc6 28. f4 f6 29. Ra2 Kb6 30. Rd2 fxe5 31. fxe5 Re4 32. Rf2 a5 33. Kg2
b4 34. Rb2 Re3 35. Bxb4 axb4 36. Rxb4+ Kc5 37. Rb2 Rxe5 38. Rc2+ Kd6 39. Rd2+
Ke6 40. Rb2 Red5 41. Re2+ Kf5 42. Rf2+ Kg6 43. Rf4 Rd2+ 44. Kg1 Rc7 0-1

[Event "CYCC U12"]
[Site "Calgary CAN"]
[Date "2023.07.21"]
[Round "6.120"]
[White "Ajith, Aarush"]
[Black "Wen, Justin"]
[Result "1-0"]
[WhiteElo "1667"]
[BlackElo "1483"]
[PlyCount "89"]
[EventDate "2023.07.19"]
[EventType "swiss"]
[EventRounds "7"]
[EventCountry "CAN"]

1. d4 Nf6 2. Nf3 c5 3. e3 cxd4 4. exd4 d5 5. Bd3 Bg4 6. Bf4 Nc6 7. c3 e6 8.
Nbd2 Bd6 9. Bg3 Qc7 10. O-O O-O-O 11. Qe1 Kb8 12. Bxd6 Qxd6 13. Ne5 Bh5 14. b4
Ng4 15. f4 f6 16. Nxc6+ Qxc6 17. Nb3 Bg6 18. Bxg6 hxg6 19. h3 Nh6 20. Nc5 Rhe8
21. a4 Nf7 22. Qg3 Nd6 23. b5 Qc8 24. Rfe1 Nf5 25. Qf2 b6 26. Na6+ Ka8 27. a5
Qb7 28. Nb4 Nd6 29. Nc6 Rd7 30. Qb2 Nc4 31. Qb4 bxa5 32. Nxa5 Nxa5 33. Rxa5 Kb8
34. Rea1 Rc8 35. Ra6 Rc4 36. Qb3 Rdc7 37. b6 Re7 38. Rxa7 Rc6 39. Rxb7+ Rxb7
40. Qa4 Rcxb6 41. Qe8+ Kc7 42. Qe7+ Kc8 43. Ra8+ Rb8 44. Rxb8+ Kxb8 45. Qxg7
1-0

[Event "CYCC U12"]
[Site "Calgary CAN"]
[Date "2023.07.21"]
[Round "6.121"]
[White "Duanmu, Isaac"]
[Black "Naiboglu, Onur"]
[Result "1-0"]
[WhiteElo "1620"]
[BlackElo "1356"]
[PlyCount "87"]
[EventDate "2023.07.19"]
[EventType "swiss"]
[EventRounds "7"]
[EventCountry "CAN"]

1. d4 Nf6 2. c4 e6 3. Nc3 Bb4 4. a3 Bxc3+ 5. bxc3 d5 6. f3 Nbd7 7. e3 b6 8.
cxd5 exd5 9. Bd3 Bb7 10. Ne2 c5 11. O-O O-O 12. Ng3 Re8 13. Re1 cxd4 14. cxd4
Nf8 15. Bb2 Ng6 16. Qd2 Nf8 17. Rad1 Ne6 18. Bb1 Rc8 19. e4 Nd7 20. Nf5 Rf8 21.
Nd6 Rc7 22. e5 Ba6 23. f4 Rc6 24. f5 Nc7 25. Re3 Qg5 26. Qf2 Qh5 27. Rde1 f6
28. Qf4 Nb5 29. Nxb5 Bxb5 30. e6 Nb8 31. e7 Re8 32. Qxb8 Rc2 33. Qxe8+ Bxe8 34.
Bxc2 Kf7 35. Bc1 Qg4 36. Bb2 Qf4 37. a4 Qc7 38. Bd3 Qc8 39. Bb5 Qxf5 40. Bxe8+
Kxe8 41. Rc3 Qd7 42. Ba3 b5 43. Rec1 Kf7 44. Rc8 1-0

[Event "CYCC U12"]
[Site "Calgary CAN"]
[Date "2023.07.21"]
[Round "6.122"]
[White "Gautam, Arnav"]
[Black "Wu, Ryan"]
[Result "1-0"]
[WhiteElo "1217"]
[BlackElo "1561"]
[Annotator ",hugh_brodie@hotmail."]
[PlyCount "127"]
[EventDate "2023.07.19"]
[EventType "swiss"]
[EventRounds "7"]
[EventCountry "CAN"]

1. d4 d5 2. c4 c6 3. Nc3 Nf6 4. Nf3 Bf5 5. Bg5 e6 6. e3 Bd6 7. Bd3 Bg6 8. O-O
Nbd7 9. Rc1 O-O 10. Re1 Bxd3 11. Qxd3 a6 12. e4 dxc4 13. Qxc4 e5 14. Rcd1 Qe7
15. dxe5 Nxe5 16. Nxe5 Bxe5 17. Bxf6 Bxf6 18. Nd5 Qe5 19. Nb6 Rad8 20. Nd7 Qxb2
21. Nxf8 Rxf8 22. Rb1 Qd2 23. Red1 Qg5 24. Rxb7 Be5 25. g3 h5 26. Rdd7 Qg6 27.
a4 h4 28. Kg2 Qg4 29. h3 Qg6 30. Qd3 hxg3 31. fxg3 Kh7 32. Qf3 f5 33. exf5 Rxf5
34. Qd3 Qe6 35. g4 Qa2+ 36. Qd2 Qxd2+ 37. Rxd2 Rf4 38. Ra2 c5 39. Rb6 c4 40.
Rxa6 c3 41. Rc6 Rf7 42. a5 Rd7 43. Kf2 Bd4+ 44. Ke2 Kg8 45. Kd3 Kf7 46. Rxc3
Be5+ 47. Kc2 Bxc3 48. Kxc3 Ke6 49. a6 Rd8 50. a7 Ra8 51. Kb4 Kd7 52. Kb5 Kc7
53. Ka6 Re8 54. Rc2+ Kd6 55. Kb7 Re7+ 56. Kb8 Re8+ 57. Rc8 Re3 58. a8=Q Rb3+
59. Qb7 Rxb7+ 60. Kxb7 Ke5 61. Rf8 g6 62. Kc6 Ke6 63. h4 Ke7 64. Rf1 {
Missing moves. White won shortly.} 1-0

[Event "CYCC U12"]
[Site "Calgary CAN"]
[Date "2023.07.21"]
[Round "6.123"]
[White "Lin, Austin"]
[Black "Chan, Bryan"]
[Result "1-0"]
[WhiteElo "1566"]
[BlackElo "1304"]
[PlyCount "78"]
[EventDate "2023.07.19"]
[EventType "swiss"]
[EventRounds "7"]
[EventCountry "CAN"]

1. e4 e5 2. Nf3 Nc6 3. Bc4 Bc5 4. b4 Bxb4 5. c3 Ba5 6. d4 Nge7 7. O-O O-O 8. d5
Nb8 9. Nxe5 d6 10. Nd3 Ng6 11. f4 Re8 12. f5 Ne5 13. Nxe5 Rxe5 14. Bf4 Rxe4 15.
Bd3 Re8 16. Qh5 Nd7 17. Bh6 gxh6 18. f6 Bb6+ 19. Kh1 Be3 20. Qg4+ Bg5 21. h4
Nxf6 22. Qg3 Nh5 23. Qf3 Nf4 24. Bc2 Rf8 25. hxg5 hxg5 26. Qg3 Qf6 27. Qh2 Bf5
28. Rxf4 gxf4 29. Qxf4 Rfe8 30. Bxf5 Kf8 31. Qf3 Qh6+ 32. Bh3 Qc1+ 33. Kh2 Qb2
34. Be6 Re7 35. Qf6 Kg8 36. Qxe7 fxe6 37. dxe6 Qxa1 38. Qf7+ Kh8 39. e7 Qxb1
1-0